Parents. (Record no. 14799)

MARC details
000 -LEADER
fixed length control field 00655cas a22002171 4500
001 - CONTROL NUMBER
control field 0000013541
005 - DATE AND TIME OF LATEST TRANSACTION
control field 20151217160929.0
008 - FIXED-LENGTH DATA ELEMENTS--GENERAL INFORMATION
fixed length control field 090914c xxur p 0 0eng d
040 ## - CATALOGING SOURCE
Original cataloging agency KABU
Transcribing agency KABU
245 00 - TITLE STATEMENT
Title Parents.
260 ## - PUBLICATION, DISTRIBUTION, ETC. (IMPRINT)
Place of publication, distribution, etc. Nairobi :
Name of publisher, distributor, etc. Stellan Consult,
Date of publication, distribution, etc. 1986 -.
300 ## - PHYSICAL DESCRIPTION
Extent v :
Other physical details ill.
310 ## - CURRENT PUBLICATION FREQUENCY
Current publication frequency Monthly,
362 0# - DATES OF PUBLICATION AND/OR SEQUENTIAL DESIGNATION
Dates of publication and/or sequential designation No. 1 (July 1986)
650 #0 - SUBJECT ADDED ENTRY--TOPICAL TERM
Topical term or geographic name as entry element Parenting
General subdivision Periodicals.
-- 0000170977
650 #0 - SUBJECT ADDED ENTRY--TOPICAL TERM
Topical term or geographic name as entry element Parenting
General subdivision Periodicals.
Geographic subdivision Kenya.
-- 0000170978
650 #0 - SUBJECT ADDED ENTRY--TOPICAL TERM
Topical term or geographic name as entry element Child rearing
General subdivision Periodicals
Geographic subdivision Kenya.
-- 0000170979
852 1# - LOCATION
-- p2400 KES
908 ## - PUT COMMAND PARAMETER (RLIN)
Put command parameter 090914
950 ## - LOCAL HOLDINGS (RLIN)
-- 1
Holdings
Withdrawn status Lost status Source of classification or shelving scheme Not for loan Home library Current library Date acquired Total Checkouts Full call number Barcode Date last seen Price effective from Koha item type
    Library of Congress Classification Not For Loan Kabarak, Main Campus Kabarak, Main Campus 17/12/2015   HQ755.8 .P37 2008 Jan. - Dec. c. 1 18087 17/12/2015 17/12/2015 Periodicals
Designed with assistance from East African Informatics Ltd